| 000 | 00574cam a22001577a 4500 | ||
|---|---|---|---|
| 008 | 180718b2011 xxu||||| |||| 00| 0 eng d | ||
| 082 | _aT478x54 P274 | ||
| 100 | _aPatnaik, Lla and Shah, Ajay | ||
| 245 |
_aDid the Indian Capital Controls Work as a Tool of Macroeconomic Policy? _cby Lla Patnaik and Ajay Shah |
||
| 260 |
_aNew Delhi _bNational institute of public finance and policy _c2011 |
||
| 300 | _a49p. | ||
| 500 | _aWorking paper 87,2011 | ||
| 650 | _aCapital movements | ||
| 650 | _aIndia -- Economic policy -- 20th century | ||
| 650 | _aCapital movements -- India | ||
| 999 |
_c504044 _d504044 |
||